La nulidad de la garantía sábana (Registro nro. 22584)

000 -Cabecera
Campo de control interno 02487nam a2200277 4500
001 - Número de control
control field ESSALUD
005 - Fecha y hora de la última transacción
Campo de control 20260701102403.0
007 - Tipo material - Descripcion fisica - info general
Tipo material - Descripcion fisica - info general ta
008 - Elementos de Longitud Fija - Información General
Elementos de Longitud Fija - Información t pe ||||| |||| 00| 0 spa d
040 ## - Origen de la Catalogación
Origen de la Catalogación BMG
041 ## - Idioma
Idioma spa
100 ## - Autor
Autor Pimentel Espinoza, Marco Antonio
Rol del Autor Autor
9 (RLIN) 52990
245 ## - Titulo
Titulo La nulidad de la garantía sábana
Subtitulo Una cuestión de orden público en el contrato financiero
246 ## - Variante del Titulo
Titulo The nullity of the dragnet clause
Subtitulo A matter of public policy in financial contracts
300 ## - Páginas
Paginación páginas 239-242
520 ## - Resumen
Resumen ¿Qué mecanismos procesales pueden emplearse para cuestionar que una empresa financiera pretenda aplicar una garantía sábana o amplia en un instrumento hipotecario? El autor refiere que en estos casos se puede solicitar la nulidad parcial de la cláusula o demandar la inexigibilidad, ineficacia o inejecutabilidad de dicha garantía. Si bien ambos mecanismos buscan evitar la aplicación abusiva de la cláusula, el autor considera que so lo la primera ofrece una solución definitiva y de raíz, en la medida en que la nulidad, al ser declarada judicialmente, retrotrae los efectos de la cláusula a cero, dotando al deudor de una sentencia firme que protege su patrimonio de cualquier interpretación futura por parte de la entidad acreedora.
520 ## - Resumen
Resumen What procedural mechanisms may be employed to challenge a financial institution's attempt to enforce a dragnet clause or an omnibus guarantee within a mortgage instrument? The author notes that in such cases, one may seek the partial nullity of the clause or file a claim for the unenforceability, ineffectiveness, or non-executability of said guarantee. While both mechanisms aim to prevent the abusive application of the clause, the author contends that only the farmer provides a definitive and fundamental solution. This is because a judicial declaration of nullity voids the effects of the clause ab initio, providing the debtor with a final judgment (res judicata) that shields their assets from any future interpretation by the creditor entity.
650 ## - Temas - Descriptores
Temas - Descriptores GARANTÍA SÁBANA
9 (RLIN) 52991
650 ## - Temas - Descriptores
Temas - Descriptores CONTRATOS HIPOTECARIOS
9 (RLIN) 52992
650 ## - Temas - Descriptores
Temas - Descriptores PROTECCIÓN DEL CRÉDITO
9 (RLIN) 52993
650 ## - Temas - Descriptores
Temas - Descriptores DROGNET CLAUSE
9 (RLIN) 52994
650 ## - Temas - Descriptores
Temas - Descriptores CREDIT PROTECTION
9 (RLIN) 52995
650 ## - Temas - Descriptores
Temas - Descriptores MORTGAGE CONTRACS
9 (RLIN) 53033
773 0# - Revista (Relacion con el numero)
Host Biblionumber 22573
Host Itemnumber 22620
Ciudad, Editorial Lima Grupo Praxis Formación Profesional, 2026-
Codigo barras item/ejemplar PRA001
Titulo de la Revista Praxis Civil & Procesal Civil
Número de control de registro ESSALUD
ISSN 3119-7671
942 ## - Elementos de Koha
Tipo de Documento Artículos
Fecha procesamiento 2026-06-30
Catalogador sqb

No hay ítems disponibles.